Record keeping for your own business /

This book details a simple record-keeping system for a small business. It shows how to build a complete systems, and how records are kept in each part of that system...

Uloženo v:
Podrobná bibliografie
Hlavní autor: Savage, Warwick, 1935-
Další autoři: Reynolds, Wal., Williams, Alan.
Médium: Kniha
Jazyk:English
Vydáno: South Melbourne : Nelson, 1994.
Vydání:2nd ed.
Témata:
Tagy: Přidat tag
Žádné tagy, Buďte první, kdo otaguje tento záznam!
Thư viện lưu trữ: Mạng thư viện Đại học Đà Nẵng
LEADER 01132cam a2200373 i 4500
001 000047812
003 7506
005 20030307135807.0
008 010324|1994 vm 000 eng
020 |a 0170089363 
040 |a IRC  |c IRC  |d IRC 
041 0 |a eng 
082 1 4 |a 657.2  |b SA-W 
100 1 |a Savage, Warwick,  |d 1935- 
245 0 0 |a Record keeping for your own business /  |c Warwick Savage, Wal Reynolds, Alan Williams. 
250 |a 2nd ed. 
260 |a South Melbourne :  |b Nelson,  |c 1994. 
300 |a 175 p. ;  |c 25.5cm. 
520 3 |a This book details a simple record-keeping system for a small business. It shows how to build a complete systems, and how records are kept in each part of that system... 
630 0 4 |a Bookkeeping. 
650 0 4 |a Small business  |z Australia  |z Accounting. 
650 0 4 |a Bookkeeping. 
700 1 |a Reynolds, Wal. 
700 1 |a Williams, Alan. 
OWN |a DUT 
999 |a From the UDN01 
TYP |a Monograph 
TYP |a Printed language 
980 |a Mạng thư viện Đại học Đà Nẵng